000 00672nam a2200229Ia 4500
003 OSt
005 20221005133749.0
006 a|||||r|||| 00| 0
007 ta
008 221004b |||||||| |||| 00| 0 pan d
024 _a62967
037 _cTextual
040 _aCRL
_cCRL
_bpan
041 _2pan
_apan
082 _aO153,2NJA,3, N6
100 _aਜਵੰਦਾ, ਅਵਤਾਰ ਕੌਰ, ਂਚ.
245 0 _aਦੁਖੀਆ ਦਾ ਦਰਦੀ
260 _c1996
650 _aਪੰਜਾਬੀ ਸਾਹਿਤ
942 _hO153,2NJA,3, N6
_cTEXL
_2cc
999 _c1067816
_d1067816